The study of language / (Record no. 21990)
[ view plain ]
| 000 -LEADER | |
|---|---|
| fixed length control field | 01733cam a22003375a 4500 |
| 001 - CONTROL NUMBER | |
| control field | 016685166 |
| 003 - CONTROL NUMBER IDENTIFIER | |
| control field | EG-ScBUE |
| 005 - DATE AND TIME OF LATEST TRANSACTION | |
| control field | 20220407104618.0 |
| 008 - FIXED-LENGTH DATA ELEMENTS--GENERAL INFORMATION | |
| fixed length control field | 140327s2014 enka f bd 001 0 eng d |
| 020 ## - INTERNATIONAL STANDARD BOOK NUMBER | |
| Cancelled/invalid ISBN | 9781107658172 |
| 040 ## - CATALOGING SOURCE | |
| Original cataloging agency | StDuBDS |
| Language of cataloging | eng |
| Description conventions | rda |
| Transcribing agency | StDuBDS |
| Modifying agency | EG-ScBUE |
| 082 04 - DEWEY DECIMAL CLASSIFICATION NUMBER | |
| Classification number | 410 |
| Item number | YUL |
| Edition number | 22 |
| 100 1# - MAIN ENTRY--PERSONAL NAME | |
| Personal name | Yule, George, |
| Dates associated with a name | 1947- |
| Relator term | author. |
| 9 (RLIN) | 39798 |
| 245 14 - TITLE STATEMENT | |
| Title | The study of language / |
| Statement of responsibility, etc | George Yule. |
| 250 ## - EDITION STATEMENT | |
| Edition statement | Fifth edition. |
| 264 #1 - PUBLICATION, DISTRIBUTION, ETC. (IMPRINT) | |
| Place of publication, distribution, etc | Cambridge : |
| Name of publisher, distributor, etc | Cambridge University Press, |
| Date of publication, distribution, etc | 2014. |
| 300 ## - PHYSICAL DESCRIPTION | |
| Extent | xii, 322 pages : |
| Other physical details | illustrations (some color) ; |
| Dimensions | 24 cm |
| 336 ## - CONTENT TYPE | |
| Source | rdacontent |
| Content type term | text |
| Content type code | txt |
| 337 ## - MEDIA TYPE | |
| Source | rdamedia |
| Media type term | unmediated |
| Media type code | n |
| 338 ## - CARRIER TYPE | |
| Source | rdacarrier |
| Carrier type term | volume |
| Carrier type code | nc |
| 500 ## - GENERAL NOTE | |
| General note | Includes glossary.<br/> |
| 504 ## - BIBLIOGRAPHY, ETC. NOTE | |
| Bibliography, etc | Includes bibliographical references and index.<br/> |
| 505 ## - FORMATTED CONTENTS NOTE | |
| Formatted contents note | 1. The origins of language -- 2. Animals and human language --<br/>3. The sounds of language -- 4. The sound patterns of language -- 5. Word-formation -- 6. Morphology -- 7. Grammar -- 8. Syntax -- 9. Semantics -- 10. Pragmatics -- 11. Discourse analysis -- 12. Language and the brain -- 13. First language acquisition -- 14. Second language acquisition/learning --<br/>15. Gestures and sign languages -- 16. Written language --<br/>17. Language history and change -- 18. Regional variation in language -- 19. Social variation in language -- 20. Language and culture -- Glossary. |
| 650 #7 - SUBJECT ADDED ENTRY--TOPICAL TERM | |
| Topical term or geographic name as entry element | Language and languages. |
| Source of heading or term | BUEsh |
| 9 (RLIN) | 17129 |
| 650 #7 - SUBJECT ADDED ENTRY--TOPICAL TERM | |
| Topical term or geographic name as entry element | Linguistics. |
| Source of heading or term | BUEsh |
| 9 (RLIN) | 39740 |
| 651 ## - SUBJECT ADDED ENTRY--GEOGRAPHIC NAME | |
| Source of heading or term | BUEsh |
| 653 ## - INDEX TERM--UNCONTROLLED | |
| Arrived date list | July2016 |
| Resource For college | Humanities: English |
| 655 ## - INDEX TERM--GENRE/FORM | |
| Form subdivision | Reading book |
| 9 (RLIN) | 34232 |
| 856 ## - ELECTRONIC LOCATION AND ACCESS | |
| Electronic name | Online Resources |
| Uniform Resource Identifier | <a href="http://www.cambridge.org/eg/academic/textbooks/yule5">http://www.cambridge.org/eg/academic/textbooks/yule5</a> |
| Public note | Study guide, audio files, flashcards & figures |
| 942 ## - ADDED ENTRY ELEMENTS (KOHA) | |
| Source of classification or shelving scheme | Dewey Decimal Classification |
| Edition | 22 |
| Call number prefix | 410 YUL |
| Koha item type | Book - Borrowing |
| Withdrawn status | Lost status | Source of classification or shelving scheme | Damaged status | Not for loan | Collection code | Home library | Current library | Shelving location | Date acquired | Source of acquisition | Cost, normal purchase price | Serial Enumeration / chronology | Total Checkouts | Full call number | Barcode | Date last seen | Cost, replacement price | Price effective from | Koha item type |
|---|---|---|---|---|---|---|---|---|---|---|---|---|---|---|---|---|---|---|---|
| Dewey Decimal Classification | Baccah | Central Library | Central Library | Second Floor | 20/07/2016 | Purchase | 407.00 | 509 | 410 YUL | 000032890 | 15/07/2025 | 25868.00 | 20/07/2016 | Book - Borrowing |